000 01251nam a2200325 i 4500
003 EG-GICUC
005 20260314082025.0
008 260124s2002 ua |||fr|||| 00| 0 ara d
017 _a17289/2002
040 _a EG-GICUC
_bara
_c EG-GICUC
_d EG-GICUC
_erda
041 0 _aAra
082 0 4 _221
_a343.118221
_bر أ . م
092 0 4 _221
099 _aLaw1 10 343.118221 ر أ . م 2002
100 0 _aرأفت عبدالفتاح حلاوه
_eمؤلف.
245 1 0 _aمبدأ شخصية وعينية الدعوى الجنائية :
_bدراسة مقارنة بالفقه الإسلامى /
_cتأليف الأستاذ الدكتور رأفت عبدالفتاح حلاوه.
264 1 _aالقاهرة :
_bدار النهضة العربية،
_c2002.
300 _a107 صفحة؛
_c24 سم.
336 _2rda content
_atext
337 _2rda media
_aComputer
338 _2rda carrier
_aOnline Resource
504 _a ببليوجرافيا: صفحات99-102.
546 _aالنص باللغة العربية
650 1 _aمبدأ العينية
_2qrmak
650 1 _aالقانون الجنائى
_2qrmak
651 1 _2qrmak
856 4 0 _uhttps://fll.law.cu.edu.eg/fulltext/bks/B10-08066.pdf
905 _a54
942 _2ddc
_cBK
_e21
_n0
999 _c58831
_d58831